书目信息 |
| 题名: |
中药化学成分提取分离手册
|
|
| 作者: | 杨云 冯卫生 ;朱凤云 钱秀中 | |
| 分册: | ||
| 出版信息: | 北京 中国中医药出版社 1998 |
|
| 页数: | 424 | |
| 开本: | 26cm | |
| 丛书名: | ||
| 单 册: | ||
| 中图分类: | R284.2 | |
| 科图分类: | ||
| 主题词: | 中药学 | |
| 电子资源: | ||
| ISBN: | 7-80089-332-4 | |
| 000 | 00675nam0 2200193 450 | |
| 001 | 0741144344 | |
| 005 | 20070817112544.34 | |
| 010 | @a7-80089-332-4@d¥37.00 | |
| 100 | @a20070817d km y0chiy0120 ea | |
| 101 | 0 | @achi |
| 200 | 1 | @a中药化学成分提取分离手册@Azhong yao hua xue cheng fen ti qu fen li shou ce@f杨云 冯卫生@Fyang yun feng wei sheng@g朱凤云 钱秀中等@Gzhu feng yun qian xiu zhong deng |
| 210 | @a北京@c中国中医药出版社@d1998 | |
| 215 | @a424@d26cm | |
| 606 | 0 | @a中药学 |
| 690 | @aR284.2@v3 | |
| 701 | 0 | @a杨云 冯卫生@Ayang yun feng wei sheng |
| 702 | 0 | @a朱凤云 钱秀中@Azhu feng yun qian xiu zhong |
| 801 | 0 | @aCN@bPFT@c20070817 |
| 905 | @a213230@dR284.2@en1@f1 | |
| 中药化学成分提取分离手册/杨云 冯卫生/朱凤云 钱秀中等.-北京:中国中医药出版社,1998 |
| 424;26cm |
| ISBN 7-80089-332-4:¥37.00 |
| ● |
| 相关链接 |
|
|
|
|
正题名:中药化学成分提取分离手册
索取号:R284.2/n1
 
预约/预借
| 序号 | 登录号 | 条形码 | 馆藏地/架位号 | 状态 | 备注 |
| 1 | 6600875 | 266008759 | 密集书库-生命科学系/ [索取号:R284.2/n1] | 在馆 | |
| 2 | 6600876 | 266008768 | 密集书库-生命科学系/ [索取号:R284.2/n1] | 在馆 |